Benchmarking - a valid strategy tool for small and medium enterprises?
Pojem benchmarking. Klasifikácia benchmarkingu. Aplikácia benchmarkingu v malých a stredných podnikoch.
Saved in:
| Main Author: | |
|---|---|
| Other Authors: | , , |
| Format: | Book Chapter |
| Language: | English |
| Subjects: | |
| Tags: |
No Tags, Be the first to tag this record!
|
MARC
| LEADER | 00000naa a2200000 4500 | ||
|---|---|---|---|
| 001 | 0169739 | ||
| 005 | 20231013085031.9 | ||
| 041 | 0 | |a eng | |
| 044 | |a SK | ||
| 245 | 1 | 0 | |a Benchmarking - a valid strategy tool for small and medium enterprises? |c Marcela Pokusová, Edita Hekelová, Jaroslav Nenadál, Jiří Plura |
| 520 | |a Pojem benchmarking. Klasifikácia benchmarkingu. Aplikácia benchmarkingu v malých a stredných podnikoch. | ||
| 610 | 2 | 0 | |a podnik malý |
| 610 | 2 | 0 | |a riadenie strategické |
| 610 | 2 | 0 | |a podnik stredný |
| 610 | 2 | 0 | |a manažment |
| 610 | 2 | 0 | |a benchmarking |
| 100 | 1 | |a Pokusová, Marcela | |
| 700 | 1 | |a Hekelová, Edita | |
| 700 | 1 | |a Nenadál, Jaroslav | |
| 700 | 1 | |a Plura, Jiří | |